লোডিং...

Charlotte Bronte

গ্রন্থ-পঞ্জীর বিবরন
প্রধান লেখক: Boumelha, Penny
বিন্যাস: Printed Book
প্রকাশিত: NY, Harvester 1990
মালা:Key Women writers
বিষয়গুলি:
LEADER 005430000a22001930004500
082 |a 823 BRO 09 N0 
100 |a Boumelha, Penny 
245 |a Charlotte Bronte 
260 |a NY, Harvester 
260 |c 1990 
465 |a D 12.75 
490 |a Key Women writers 
650 |a Criticism 
650 |a English 
650 |a Interpretation 
650 |a Novel 
942 |c BK 
999 |c 2066  |d 2066 
952 |0 0  |1 0  |4 0  |6 823_BRO_090000000000000_N0  |7 0  |8 ENG  |9 1858  |a MGUL  |b MGUL  |d 2013-07-16  |e D 12.75  |l 2  |o 823 BRO 09 N0  |p 11300  |r 2019-03-26  |s 2015-10-31  |w 2013-07-16  |y BK